000 00582cam a2200193 4500
008 090401t1986 xxu||||| |||| 00| 0 eng d
020 _a094776321X
035 _a(Sirsi) u60098
041 _aeng
050 _a346.4104343
100 _aMcGee, Tristan
245 _aService charges in property: guidance notes for practitioners in commercial property management concerning the approaches to service charges
260 _aReading
_bCollege of Estate Management
_c1986
300 _axii,50p. ; 30cm.
350 _a7.5
650 _aCALUS
942 _n0
948 _c04/03/1997
999 _c94194
_d94194